| 000 | 00862nam a2200277 a 4500 | ||
|---|---|---|---|
| 001 | 10822 | ||
| 003 | BD-RjUL | ||
| 005 | 20211208235025.0 | ||
| 008 | 140125r19771972enkab b 001 0 eng d | ||
| 020 | _a0412109808 | ||
| 035 | _a(BD-RjUL)10871 | ||
| 040 |
_aLC _beng _cLC _dANL _dBD-RjUL |
||
| 041 | _aeng | ||
| 082 | 0 | 4 |
_a551 _bPAP 1977 |
| 100 | 1 |
_aParasnis, D. S. _933459 |
|
| 245 | 1 | 0 |
_aPrinciples of applied geophysics / _cby D.S. Parasnis. |
| 250 | _a2nd ed. | ||
| 260 |
_aLondon : _bChapman and Hall, _cc1972 [Reprinted 1977] |
||
| 300 |
_aix, 214 p. : _bill., maps ; _c21 cm. |
||
| 500 | _aDistributed in the USA by Barnes and Noble. | ||
| 504 | _aIncludes bibliographical references (p. 204-211) and index. | ||
| 650 | 0 |
_aProspecting _xGeophysical methods. _933460 |
|
| 650 | 0 |
_aGeophysics. _933461 |
|
| 942 |
_2ddc _cBK |
||
| 999 |
_c10822 _d10822 |
||